| 000 | 00584nam a2200241 a 4500 | ||
|---|---|---|---|
| 001 | nice12345678 | ||
| 003 | IN_TiNIC | ||
| 005 | 20260116011429.0 | ||
| 008 | 050524s1957 laha grp 000 0 urd | ||
| 020 |
_a _c100 |
||
| 082 | 0 | 0 |
_a232.917 _bTAL |
| 100 | _aTalib Ud, Din | ||
| 245 | _aMojizat-I-Masih. | ||
| 260 |
_aLahore _bPunjab Religious Booksociety _c1957 |
||
| 300 | _a594p | ||
| 500 | _aincludes index and biblioraphy | ||
| 505 | 2 | _abibliography | |
| 650 | _aJesus Christ-Miracles | ||
| 700 | 1 | _aTalib Ud, Din | |
| 902 | _bSRS | ||
| 942 | _cBK | ||
| 999 |
_c1458 _d1458 |
||